[Event "13. Lichtenberger Sommer"]
[Site "?"]
[Date "2014.08.24"]
[Round "9.51"]
[White "Bergmann, Jens"]
[Black "Oswald, Michael"]
[Result "0-1"]
[WhiteElo "1896"]
[BlackElo "2129"]
[PlyCount "70"]
[EventDate "2014.??.??"]
[WhiteTeam "SK Tempelhof 1931 e.V."]
[BlackTeam "1. Schachclub Anhalt"]

1. d4 d5 2. c4 e6 3. cxd5 exd5 4. Qd3 f5 5. h3 Nf6 6. Bg5 Be7 7. Nc3 c6 8. Nf3
O-O 9. Bxf6 Bxf6 10. O-O-O b5 11. g4 b4 12. Na4 f4 13. Bg2 Ba6 14. Qc2 Nd7 15.
Kb1 Re8 16. Rhe1 Bc4 17. e4 fxe3 18. fxe3 Rb8 19. b3 Bb5 20. Nb2 a5 21. e4 dxe4
22. Rxe4 Rxe4 23. Qxe4 Qe8 24. Qf4 Qg6+ 25. Ka1 Qc2 26. Ne1 Qe2 27. Bf3 Qe7 28.
Ng2 Rf8 29. Qg3 Nb6 30. h4 g6 31. g5 Bg7 32. Bg4 Nd5 33. Nc4 c5 34. Ne5 cxd4
35. Re1 d3 0-1

[Event "13. Lichtenberger Sommer"]
[Site "?"]
[Date "2014.08.24"]
[Round "9.52"]
[White "Geldner, Gerrit"]
[Black "Pluska, Alexander"]
[Result "0-1"]
[WhiteElo "1713"]
[BlackElo "1899"]
[PlyCount "116"]
[EventDate "2014.??.??"]
[WhiteTeam "Schachunion Berlin e.V."]
[BlackTeam "SK Doppelbauer Kiel"]

1. c4 c6 2. d4 d5 3. cxd5 cxd5 4. Nc3 e5 5. dxe5 d4 6. Ne4 Nc6 7. Nf3 Bg4 8.
Bd2 Qd5 9. Ng3 Rd8 10. a3 h6 11. Qb1 d3 12. Qxd3 Qxd3 13. exd3 Bxf3 14. gxf3
Nxe5 15. Be3 b6 16. Rd1 Nxf3+ 17. Ke2 Nd4+ 18. Bxd4 Rxd4 19. Bg2 g6 20. Rhe1 f5
21. Kd2+ Kf7 22. Rc1 Nf6 23. Rc7+ Rd7 24. Bd5+ Kg7 25. Rec1 Bd6 26. Rxd7+ Nxd7
27. Rc6 Bf4+ 28. Kd1 Rd8 29. Rc4 Ne5 30. Rc7+ Kf6 31. Bc4 Nxd3 32. Rc6+ Kg5 33.
Bxd3 Rxd3+ 34. Ke1 Rb3 35. h4+ Kxh4 36. Rc4 Kg5 37. Ne2 Bd6 38. Rd4 Bc5 39. Rd2
Rh3 40. Ng3 Kg4 41. Nf1 a5 42. Re2 Rd3 43. Re6 Rd6 44. Re8 f4 45. Nh2+ Kf5 46.
Nf3 Re6+ 47. Rxe6 Kxe6 48. Kf1 Kd5 49. Ke2 g5 50. Nd2 h5 51. f3 g4 52. Ne4 Be3
53. Nf6+ Kc4 54. fxg4 hxg4 55. Nxg4 Kb3 56. Ne5 Kxb2 57. Nc4+ Kc3 58. Ne5 Kb3
0-1

[Event "13. Lichtenberger Sommer"]
[Site "?"]
[Date "2014.08.24"]
[Round "9.53"]
[White "Steiner, Wolfram"]
[Black "Getzuhn, Detlef"]
[Result "1/2-1/2"]
[WhiteElo "1995"]
[BlackElo "1896"]
[PlyCount "61"]
[EventDate "2014.??.??"]
[WhiteTeam "SG Lasker Steglitz-Wilmersdorf"]
[BlackTeam "SV Senat"]

1. d4 d5 2. Nf3 Nf6 3. g3 Bf5 4. Bg2 h6 5. O-O e6 6. c4 c6 7. Nc3 Bd6 8. b3
Nbd7 9. Bb2 O-O 10. Rc1 a6 11. c5 Bc7 12. Nh4 Bh7 13. f4 Ne8 14. Nf3 f5 15. b4
g5 16. e3 g4 17. Ne5 Nxe5 18. dxe5 h5 19. Ne2 Bg6 20. Nd4 Ng7 21. a4 Be8 22.
Qb3 Bd7 23. Rfd1 Qe8 24. Ba3 h4 25. Kf2 Qh5 26. Rh1 Qh6 27. Rcg1 Nh5 28. Ne2 h3
29. Bf1 Rfb8 30. Nd4 b5 31. a5 1/2-1/2

[Event "13. Lichtenberger Sommer"]
[Site "?"]
[Date "2014.08.24"]
[Round "9.54"]
[White "Jaeger, Andre"]
[Black "Windolf, Mario"]
[Result "1/2-1/2"]
[WhiteElo "1977"]
[BlackElo "1772"]
[PlyCount "109"]
[EventDate "2014.??.??"]
[WhiteTeam "SC Rochade e.V."]
[BlackTeam "1. Schachclub Anhalt"]

1. d4 Nf6 2. c4 g6 3. g3 Bg7 4. Bg2 O-O 5. Nc3 d6 6. Nf3 Nbd7 7. O-O c6 8. e4
Ne8 9. Be3 Nc7 10. Qd2 e5 11. Rad1 Nb6 12. b3 Bg4 13. h3 Bxf3 14. Bxf3 Ne6 15.
d5 Nd4 16. Bxd4 exd4 17. Ne2 c5 18. Bg2 Qe7 19. Nc1 Nd7 20. f4 b6 21. Rde1 Rae8
22. Nd3 Qd8 23. Re2 f5 24. Rfe1 fxe4 25. Rxe4 Rxe4 26. Rxe4 Re8 27. Qe2 Rxe4
28. Qxe4 Nf8 29. Bf3 Kf7 30. Bg4 Qe7 31. Nf2 h5 32. Bc8 Bh6 33. Kg2 h4 34. Kf3
hxg3 35. Kxg3 Bg7 36. Kf3 Bf6 37. Nd3 Nd7 38. Qxe7+ Kxe7 39. Bxd7 Kxd7 40. Kg4
Ke7 41. Nf2 a6 42. a4 Kf7 43. Ne4 Ke7 44. Kf3 Bh4 45. Ke2 Kd7 46. Kf3 Ke7 47.
Kg4 Bf6 48. Nf2 Kd7 49. h4 Be7 50. h5 gxh5+ 51. Kxh5 Bf6 52. Kg4 Ke8 53. Nd3
Kf7 54. Kf5 Bh4 55. Kg4 1/2-1/2

[Event "13. Lichtenberger Sommer"]
[Site "?"]
[Date "2014.08.24"]
[Round "9.55"]
[White "Schmidt, David"]
[Black "Küchler, Felix"]
[Result "0-1"]
[WhiteElo "1981"]
[BlackElo "1735"]
[PlyCount "80"]
[EventDate "2014.??.??"]
[WhiteTeam "Doppelbauer Woltersdorf"]
[BlackTeam "Schachunion Berlin e.V."]

1. d4 d5 2. Nf3 Nf6 3. g3 e6 4. Bg2 Be7 5. O-O O-O 6. b3 c6 7. Bb2 Nbd7 8. c4
Nb6 9. Nbd2 Qc7 10. Rc1 a5 11. a3 Nbd7 12. Re1 Re8 13. e4 dxe4 14. Nxe4 Nxe4
15. Rxe4 Nf6 16. Re2 Rd8 17. Rd2 Qb8 18. Ne5 Bd7 19. h4 Bd6 20. Qe2 Re8 21.
Rcd1 Qc7 22. g4 Re7 23. g5 Ne8 24. c5 Bxe5 25. dxe5 Rd8 26. h5 Qc8 27. Bc3 Qa8
28. g6 h6 29. gxf7+ Rxf7 30. Be4 Nc7 31. Qg4 Nd5 32. Rxd5 exd5 33. e6 Bxe6 34.
Bh7+ Kxh7 35. Qg6+ Kg8 36. Qxe6 Qc8 37. Qxc8 Rxc8 38. Bxa5 Rf5 39. Re1 Kf7 40.
Bd2 Re8 0-1

[Event "13. Lichtenberger Sommer"]
[Site "?"]
[Date "2014.08.24"]
[Round "9.56"]
[White "Grassi, Fabrizio"]
[Black "Silz, Elisa"]
[Result "0-1"]
[WhiteElo "1893"]
[BlackElo "1957"]
[PlyCount "80"]
[EventDate "2014.??.??"]
[WhiteTeam "SV Berlin-Friedrichstadt"]
[BlackTeam "SV Empor Berlin e.V."]

1. d4 Nf6 2. Bf4 g6 3. e3 Bg7 4. Nf3 d6 5. Be2 O-O 6. O-O b6 7. a4 a6 8. h3 Bb7
9. c3 Nbd7 10. Nbd2 Re8 11. Bh2 e5 12. dxe5 dxe5 13. Bc4 h6 14. Qb3 Qe7 15. Nh4
Kf8 16. Ndf3 Ne4 17. Qc2 Bf6 18. Bg3 Kg7 19. Rad1 Nd6 20. Ba2 e4 21. Bb1 exf3
22. Bxd6 cxd6 23. Nxg6 fxg6 24. Qxg6+ Kf8 25. Qxh6+ Qg7 26. Qxg7+ Kxg7 27. Rxd6
Nc5 28. Rxb6 fxg2 29. Re1 Bf3 30. Bf5 Nxa4 31. Rb4 Nxb2 32. Rf4 Bc6 33. Rg4+
Kf8 34. e4 a5 35. Kxg2 a4 36. Rg6 Kf7 37. Rh6 Rg8+ 38. Kf3 a3 39. Rh7+ Rg7 40.
Rxg7+ Bxg7 0-1

[Event "13. Lichtenberger Sommer"]
[Site "?"]
[Date "2014.08.24"]
[Round "9.58"]
[White "Khorolskyi, Borys"]
[Black "Ritter, Uwe"]
[Result "1/2-1/2"]
[WhiteElo "1879"]
[BlackElo "1945"]
[PlyCount "46"]
[EventDate "2014.??.??"]
[WhiteTeam "vereinslos"]
[BlackTeam "Reideburger SV 90 Halle"]

1. d4 d5 2. c4 e6 3. Nc3 c6 4. e4 dxe4 5. Nxe4 Nf6 6. Nxf6+ Qxf6 7. Nf3 Bb4+ 8.
Bd2 Bxd2+ 9. Qxd2 O-O 10. O-O-O Nd7 11. Qe3 b6 12. Ne5 Nxe5 13. dxe5 Qe7 14.
Bd3 Bb7 15. Qe4 g6 16. h4 c5 17. Qf4 Rfd8 18. Be4 Bxe4 19. Qxe4 Rac8 20. g4 Rc7
21. Rxd8+ Qxd8 22. Rd1 Rd7 23. Rxd7 Qxd7 1/2-1/2

[Event "13. Lichtenberger Sommer"]
[Site "?"]
[Date "2014.08.24"]
[Round "9.59"]
[White "Lieder, Günter"]
[Black "Duijker, Bert"]
[Result "0-1"]
[WhiteElo "1864"]
[BlackElo "1926"]
[PlyCount "170"]
[EventDate "2014.??.??"]
[WhiteTeam "SK Turm Bad Hersfeld"]
[BlackTeam "Bennekomse S.V."]

1. e4 d6 2. d4 g6 3. Nf3 Bg7 4. Bc4 Nf6 5. Nc3 O-O 6. O-O Nxe4 7. Nxe4 d5 8.
Ned2 dxc4 9. Nxc4 Nd7 10. Re1 Nf6 11. Bg5 Re8 12. c3 Be6 13. Ne3 c6 14. Qc2 Qb6
15. Bh4 h6 16. Ne5 Rad8 17. Nf1 Bf5 18. Qc1 g5 19. Ne3 Be6 20. Bg3 Nh5 21. Nf1
c5 22. dxc5 Qxc5 23. Nf3 Bg4 24. N1d2 Nxg3 25. hxg3 f5 26. Nb3 Qb6 27. Nfd4 e5
28. Nc2 Bh5 29. Qe3 Qxe3 30. Nxe3 Bg6 31. Rad1 b6 32. Rxd8 Rxd8 33. Rd1 Rxd1+
34. Nxd1 Kf7 35. Ne3 Ke6 36. Kf1 Be8 37. f3 h5 38. Kf2 Bf8 39. Ke2 Bc6 40. c4
a5 41. Nd2 Bd6 42. Nef1 e4 43. Nb3 Ke5 44. Nfd2 a4 45. Na1 h4 46. gxh4 gxh4 47.
Nc2 Bc5 48. b3 axb3 49. axb3 Kf4 50. fxe4 Bxe4 51. Nxe4 fxe4 52. b4 Bd6 53. Kf2
Be7 54. Ne3 Ke5 55. Nd5 Bd8 56. Ke3 Bg5+ 57. Ke2 b5 58. Nb6 bxc4 59. Nxc4+ Kd4
60. Nd6 Kd5 61. Nf7 Bf4 62. Nh8 Kc4 63. Ng6 Bg5 64. Ne5+ Kxb4 65. Nf7 Bf4 66.
Nh8 Kc4 67. Ng6 Bg5 68. Ne5+ Kd5 69. Nd7 Kd6 70. Nb6 Ke5 71. Nd7+ Kf4 72. Nb6
Kg3 73. Kf1 Bd8 74. Nc4 Bc7 75. Ne3 Bb6 76. Nf5+ Kg4 77. Nd6 Kf4 78. Ke2 Bc5
79. Nc4 Kg3 80. Kf1 e3 81. Ne5 e2+ 82. Kxe2 Kxg2 83. Nd3 Ba7 84. Ne1+ Kg3 85.
Nf3 h3 0-1

[Event "13. Lichtenberger Sommer"]
[Site "?"]
[Date "2014.08.24"]
[Round "9.60"]
[White "Raab, Helen"]
[Black "Roth, Joachim"]
[Result "0-1"]
[WhiteElo "1851"]
[BlackElo "1930"]
[PlyCount "136"]
[EventDate "2014.??.??"]
[WhiteTeam "SC Kreuzberg e.V."]
[BlackTeam "SG Bund"]

1. e4 Nf6 2. e5 Nd5 3. d4 d6 4. Nf3 dxe5 5. Nxe5 Nd7 6. Bc4 c6 7. O-O Nxe5 8.
dxe5 Bf5 9. Bb3 e6 10. Nd2 Bc5 11. Nf3 h6 12. Nd4 Bh7 13. c3 Qh4 14. Bxd5 Bxd4
15. Bxc6+ bxc6 16. cxd4 Be4 17. b3 O-O 18. Ba3 Rfd8 19. f3 Bd5 20. Rc1 a5 21.
Bd6 Ra6 22. a4 Rd7 23. Qd3 Rb6 24. Rc3 Rdb7 25. g3 Qh3 26. Rb1 g5 27. Bc5 g4
28. Bxb6 gxf3 29. Rb2 Rxb6 30. Qd2 Kg7 31. Qf4 Qh5 32. Qf6+ Kh7 33. Rf2 Rb4 34.
Qf4 Qg6 35. Rcxf3 Bxf3 36. Rxf3 Kg7 37. Qe3 Qg4 38. Rf4 Qd1+ 39. Kg2 Qc2+ 40.
Kh3 Rxb3 41. Rg4+ Kh7 42. Qf4 Qf5 43. Qxf5+ exf5 44. Rf4 Kg6 45. Kh4 Rb4 46. g4
fxg4 47. Kxg4 Rxa4 48. h4 Rc4 49. h5+ Kg7 50. Kf5 a4 51. Rg4+ Kf8 52. Kf6 Rc3
53. Kf5 a3 54. d5 cxd5 55. Ra4 Re3 56. Ra8+ Kg7 57. Ra7 d4 58. Kf4 Kf8 59. Ra8+
Ke7 60. Ra6 Rb3 61. Rxh6 Rh3 62. Ra6 d3 63. Rxa3 d2 64. Ra1 Rxh5 65. Ke4 Rh2
66. Kd5 Re2 67. Rd1 Kd7 68. Kd4 Ke6 0-1

[Event "13. Lichtenberger Sommer"]
[Site "?"]
[Date "2014.08.24"]
[Round "9.61"]
[White "Olaizola, Miguel"]
[Black "Schmidt, Jürgen"]
[Result "0-1"]
[WhiteElo "1773"]
[BlackElo "1992"]
[PlyCount "98"]
[EventDate "2014.??.??"]
[WhiteTeam "SK Zehlendorf e.V."]
[BlackTeam "SC Kreuzberg e.V."]

1. e4 e5 2. Nf3 Nc6 3. Bc4 Nf6 4. O-O Be7 5. d4 exd4 6. Nxd4 d6 7. Nxc6 bxc6 8.
e5 dxe5 9. Qe2 Qd4 10. Re1 Bd6 11. c3 Qh4 12. g3 Qh3 13. Qf3 Bd7 14. Bg5 Qg4
15. Qxg4 Nxg4 16. f3 h6 17. Bf4 g5 18. Bd2 Nf6 19. Be3 Nd5 20. Bd4 O-O 21. Bf2
a5 22. Nd2 Rab8 23. Rab1 Bf5 24. Ne4 Bxe4 25. fxe4 Nb6 26. Bd3 Nd7 27. a4 Bc5
28. Bc2 Bxf2+ 29. Kxf2 c5 30. c4 Rfd8 31. b3 Nf8 32. Red1 Rd4 33. Rxd4 cxd4 34.
h4 Ne6 35. hxg5 hxg5 36. Kf3 Kg7 37. Ke2 Nc5 38. Kd2 Rd8 39. Bd3 Rh8 40. Re1
Rh2+ 41. Re2 Rxe2+ 42. Kxe2 Nxb3 43. Kf3 Nc5 44. Bc2 Kf6 45. g4 Ke7 46. Bd1 Kd6
47. Bc2 Na6 48. Ke2 Kc5 49. Bd3 Kb4 0-1

[Event "13. Lichtenberger Sommer"]
[Site "?"]
[Date "2014.08.24"]
[Round "9.62"]
[White "Bauer, Stefan"]
[Black "Osten, David"]
[Result "0-1"]
[WhiteElo "1614"]
[BlackElo "1733"]
[PlyCount "82"]
[EventDate "2014.??.??"]
[WhiteTeam "SC Kreuzberg e.V."]
[BlackTeam "SF Friedrichshagen"]

1. Nf3 Nf6 2. d4 c5 3. Nbd2 d5 4. e3 Nc6 5. Bb5 Bg4 6. h3 Bh5 7. g4 Bg6 8. Ne5
Qc7 9. O-O e6 10. f4 Nd7 11. Bxc6 bxc6 12. Ndf3 f6 13. Nxg6 hxg6 14. Kg2 Bd6
15. c3 O-O-O 16. Qa4 Rde8 17. Bd2 e5 18. Ng1 exf4 19. exf4 g5 20. Qa6+ Kb8 21.
b4 c4 22. b5 c5 23. Qc6 Qxc6 24. bxc6 Nb6 25. fxg5 cxd4 26. gxf6 gxf6 27. Rxf6
Be5 28. Rf7 dxc3 29. Rb7+ Ka8 30. Bg5 Rhg8 31. h4 d4 32. Nf3 d3 33. a4 c2 34.
a5 Bxa1 35. axb6 axb6 36. Rxb6 Rxg5 37. Ra6+ Kb8 38. Rxa1 Rxg4+ 39. Kh3 Rf4 40.
Kg3 Rxf3+ 41. Kxf3 d2 0-1

[Event "13. Lichtenberger Sommer"]
[Site "?"]
[Date "2014.08.24"]
[Round "9.63"]
[White "Stein, Siegfried"]
[Black "Lübke, Thomas"]
[Result "1/2-1/2"]
[WhiteElo "1819"]
[BlackElo "1936"]
[PlyCount "21"]
[EventDate "2014.??.??"]
[WhiteTeam "SV Berolina Mitte e.V."]
[BlackTeam "FVS ASP Hoyerswerda"]

1. e4 c5 2. Nf3 d6 3. d4 cxd4 4. Nxd4 Nf6 5. Nc3 a6 6. Be2 e5 7. Nf3 Be7 8. O-O
O-O 9. b3 h6 10. Bb2 Be6 11. Qd2 1/2-1/2

[Event "13. Lichtenberger Sommer"]
[Site "?"]
[Date "2014.08.24"]
[Round "9.64"]
[White "Rollwitz, Jürgen"]
[Black "Boeck, Rüdiger"]
[Result "1-0"]
[WhiteElo "1987"]
[BlackElo "1815"]
[PlyCount "125"]
[EventDate "2014.??.??"]
[WhiteTeam "SC Rochade e.V."]
[BlackTeam "SC Weiße Dame Ulm e.V."]

1. e4 e5 2. Bc4 Nf6 3. Nf3 Nc6 4. Ng5 d5 5. exd5 Na5 6. Bb5+ c6 7. dxc6 bxc6 8.
Bf1 h6 9. Nf3 Bc5 10. c3 Bb6 11. d4 e4 12. Ng1 O-O 13. h3 Re8 14. Be3 Nd5 15.
Qd2 f5 16. b4 Nb7 17. Bc4 Nd6 18. Bxd5+ cxd5 19. Na3 a5 20. b5 Bd7 21. Ne2 g5
22. g3 Qf6 23. h4 Nf7 24. hxg5 Nxg5 25. Bxg5 hxg5 26. Rh5 f4 27. gxf4 e3 28.
fxe3 gxf4 29. O-O-O Rxe3 30. Nc2 Re4 31. Rg1+ Kf7 32. Rh7+ Ke6 33. Rf1 Rf8 34.
Ng3 Bxb5 35. Nxe4 dxe4 36. Rfh1 Rg8 37. R7h6 Rg6 38. Rxg6 Qxg6 39. Qxf4 Kd7 40.
Ne3 Bc7 41. Qh4 Bd3 42. Qh7+ Qxh7 43. Rxh7+ Kc8 44. Rxc7+ Kxc7 45. c4 Be2 46.
Kd2 Bh5 47. Kc3 Bf7 48. d5 Kd6 49. Kd4 Bg6 50. c5+ Kd7 51. c6+ Kc7 52. Kc5 Bf7
53. d6+ Kc8 54. a3 Be6 55. Kd4 Kd8 56. Kxe4 Bc8 57. Kd5 Ba6 58. Nc4 a4 59. Nb6
Ke8 60. Nxa4 Kd8 61. Nc5 Be2 62. Ne6+ Ke8 63. d7+ 1-0

[Event "13. Lichtenberger Sommer"]
[Site "?"]
[Date "2014.08.24"]
[Round "9.65"]
[White "Hintze, Emanuel"]
[Black "Schubert, Joachim"]
[Result "0-1"]
[WhiteElo "1922"]
[BlackElo "1848"]
[PlyCount "100"]
[EventDate "2014.??.??"]
[WhiteTeam "SK Zehlendorf e.V."]
[BlackTeam "SC Friesen Lichtenberg e.V."]

1. e4 c5 2. Nf3 Nc6 3. d4 cxd4 4. Nxd4 Nf6 5. Nc3 d6 6. Be3 e6 7. Nxc6 bxc6 8.
Be2 Be7 9. O-O O-O 10. f3 Qc7 11. b3 Rd8 12. Qe1 d5 13. Qf2 Bb4 14. Na4 Bd6 15.
g3 dxe4 16. c4 exf3 17. Bxf3 e5 18. Nc3 Bh3 19. Rfe1 Bb4 20. Rec1 Rd3 21. Ne4
Nd7 22. Be2 Rxe3 23. Qxe3 f5 24. a3 Be7 25. b4 fxe4 26. Qxe4 Rf8 27. Bf3 Rf6
28. c5 Be6 29. Qxc6 Qd8 30. Bd5 Nf8 31. Rd1 Qb8 32. Qb7 Qe8 33. Bxe6+ Nxe6 34.
Qd5 Qh5 35. Rf1 Rh6 36. Rf2 Qg4 37. Raf1 Bf6 38. c6 Kf8 39. Qd7 Qc4 40. b5 e4
41. Re1 e3 42. Rfe2 Bd4 43. Qc8+ Kf7 44. Qd7+ Kf6 45. c7 Qxc7 46. Rf1+ Ke5 47.
Qxc7+ Nxc7 48. a4 Nd5 49. Rf8 Ke4 50. Ra2 e2+ 0-1

[Event "13. Lichtenberger Sommer"]
[Site "?"]
[Date "2014.08.24"]
[Round "9.66"]
[White "Fiedler, Wolfgang"]
[Black "Fuchs, Gabriele"]
[Result "1-0"]
[WhiteElo "1928"]
[BlackElo "1708"]
[PlyCount "91"]
[EventDate "2014.??.??"]
[WhiteTeam "SV Berolina Mitte e.V."]
[BlackTeam "SF Kraichtal"]

1. d4 d5 2. c4 e6 3. Nf3 Nf6 4. Nc3 c6 5. Qb3 Nbd7 6. e3 Be7 7. a4 b6 8. a5
bxa5 9. c5 Qc7 10. Qa4 Bd8 11. Nd2 e5 12. Nb3 exd4 13. Qxd4 Be7 14. Na4 Rb8 15.
Qc3 O-O 16. Qxa5 Qxa5+ 17. Nxa5 Bb7 18. b4 Bd8 19. Nb3 Re8 20. Nd4 a5 21. b5
cxb5 22. Bxb5 Bc8 23. c6 Be7 24. cxd7 Bb4+ 25. Bd2 Bxd2+ 26. Kxd2 Bxd7 27. Bxd7
Nxd7 28. Nc6 Rbc8 29. Rhc1 Kf8 30. Rc2 Nf6 31. f3 Re6 32. Rac1 Rce8 33. Rc3 g5
34. Nd4 Re5 35. Nc5 h5 36. h3 Kg7 37. g4 Rh8 38. f4 gxf4 39. exf4 Ne4+ 40. Nxe4
Rxe4 41. Nf5+ Kg6 42. Rc6+ f6 43. Nh4+ Kf7 44. Rc7+ Re7 45. Rxe7+ Kxe7 46. Ng6+
1-0

[Event "13. Lichtenberger Sommer"]
[Site "?"]
[Date "2014.08.24"]
[Round "9.67"]
[White "Scholta, Danilo"]
[Black "Hoffmann, Rainer"]
[Result "0-1"]
[WhiteElo "1761"]
[BlackElo "2064"]
[PlyCount "77"]
[EventDate "2014.??.??"]
[WhiteTeam "SV Empor Berlin e.V."]
[BlackTeam "BSC Rehberge 1945 e.V."]

1. d4 c5 2. e3 g6 3. c3 b6 4. f4 Bb7 5. Nf3 Nf6 6. Bd3 Bg7 7. O-O d6 8. Bc4 O-O
9. Nbd2 Nbd7 10. Re1 Rc8 11. Qe2 Rc7 12. Qf2 Qa8 13. Bb3 Rfc8 14. Ng5 c4 15.
Bc2 h6 16. Ngf3 e6 17. e4 e5 18. fxe5 dxe5 19. d5 Ne8 20. g4 Nd6 21. Nh4 Rf8
22. Qg3 Qc8 23. Rf1 b5 24. a3 a5 25. Ndf3 Nc5 26. Nd2 Ba6 27. Nhf3 Re7 28. h3
Nd3 29. Bxd3 cxd3 30. Ne1 f5 31. gxf5 gxf5 32. Qg2 Nc4 33. Nxc4 bxc4 34. exf5
Rxf5 35. Rxf5 Qxf5 36. d6 Rf7 37. Kh2 Bb7 38. Qg3 Qf1 39. Be3 0-1

[Event "13. Lichtenberger Sommer"]
[Site "?"]
[Date "2014.08.24"]
[Round "9.68"]
[White "Woinowski, Michael"]
[Black "Reiche, Henry"]
[Result "0-1"]
[WhiteElo "1731"]
[BlackElo "1992"]
[PlyCount "78"]
[EventDate "2014.??.??"]
[WhiteTeam "SC Kreuzberg e.V."]
[BlackTeam "SC Zugzwang 95 e.V."]

1. e4 c5 2. Nf3 Nc6 3. d4 cxd4 4. Nxd4 d6 5. Be3 g6 6. Bd3 Bg7 7. c3 Nf6 8. f3
Bd7 9. Nd2 O-O 10. O-O a6 11. Ne2 Ne5 12. Bc2 Bb5 13. Rb1 Rc8 14. a4 Bd7 15.
Nc1 Be6 16. Nd3 Nxd3 17. Bxd3 Nd7 18. Nb3 Nc5 19. Nxc5 dxc5 20. Bc2 Qc7 21. Qe2
Rfd8 22. Rbd1 c4 23. Qf2 Rxd1 24. Rxd1 Rd8 25. Rxd8+ Qxd8 26. Bb6 Qd7 27. Qe2
Qd6 28. a5 Bh6 29. Qf2 Bc1 30. Ba4 Bd7 31. Bc5 Qe6 32. Bxd7 Qxd7 33. Qc2 Bg5
34. Bd4 f6 35. b3 Qb5 36. b4 e5 37. Bc5 Qd7 38. Qe2 Qd3 39. h4 Qxe2 0-1

[Event "13. Lichtenberger Sommer"]
[Site "?"]
[Date "2014.08.24"]
[Round "9.69"]
[White "Kasper, Peter"]
[Black "Junge, Wolfgang"]
[Result "0-1"]
[WhiteElo "1764"]
[BlackElo "1848"]
[PlyCount "32"]
[EventDate "2014.??.??"]
[WhiteTeam "SG Eckturm"]
[BlackTeam "SC Friesen Lichtenberg e.V."]

1. e4 e5 2. Nf3 Nf6 3. d4 Nxe4 4. dxe5 d5 5. exd6 Nxd6 6. Qd4 Nc6 7. Qf4 Bf5 8.
Qd2 Qe7+ 9. Be2 O-O-O 10. Nd4 Nxd4 11. Qxd4 Nb5 12. Qe3 Nd4 13. Bd1 Bxc2 14.
Qxe7 Bxe7 15. Nd2 Rhe8 16. f4 Bb4+ 0-1

[Event "13. Lichtenberger Sommer"]
[Site "?"]
[Date "2014.08.24"]
[Round "9.70"]
[White "Schröter, Maik"]
[Black "Casny, Guenter"]
[Result "1/2-1/2"]
[WhiteElo "1854"]
[BlackElo "1854"]
[PlyCount "102"]
[EventDate "2014.??.??"]
[WhiteTeam "SG Blau-Weiß Stadtilm"]
[BlackTeam "SC Rochade e.V."]

1. e4 g6 2. d4 c5 3. Nf3 cxd4 4. Qxd4 Nf6 5. Bf4 Nc6 6. Qa4 Bg7 7. c3 O-O 8.
Nbd2 d5 9. Bd3 dxe4 10. Bxe4 Nxe4 11. Nxe4 Qb6 12. O-O Bf5 13. Ng3 Bd3 14. Rfd1
Qxb2 15. Ne1 Qb5 16. Qxb5 Bxb5 17. a4 Ba6 18. Bd2 Rfd8 19. Nf3 Na5 20. Bg5 f6
21. Be3 Rxd1+ 22. Rxd1 Nc4 23. Bc5 e5 24. Rd7 Bf8 25. Ne4 Bg7 26. Be7 Nb6 27.
Rd6 f5 28. Nc5 e4 29. Nd4 Bxd4 30. cxd4 Kf7 31. Bg5 Re8 32. Nxa6 bxa6 33. a5
Nc4 34. Rxa6 Rb8 35. Rxa7+ Ke6 36. h3 Rb1+ 37. Kh2 Ra1 38. Bd8 Ra2 39. Bb6 Nxb6
40. axb6 Rxf2 41. Rxh7 Rb2 42. b7 f4 43. Kg1 g5 44. Rg7 Kf6 45. Rc7 e3 46. Kf1
Ke6 47. Rc5 Rxb7 48. Rxg5 Rd7 49. g3 Rxd4 50. gxf4 Rxf4+ 51. Ke2 Kf6 1/2-1/2

[Event "13. Lichtenberger Sommer"]
[Site "?"]
[Date "2014.08.24"]
[Round "9.71"]
[White "Huebner, Alan-Ari"]
[Black "Schweitzer, Paul"]
[Result "1-0"]
[WhiteElo "1785"]
[BlackElo "1712"]
[PlyCount "121"]
[EventDate "2014.??.??"]
[WhiteTeam "vereinslos"]
[BlackTeam "SV Königsjäger Süd-West e.V."]

1. d4 Nf6 2. c4 c6 3. Nc3 e6 4. e4 Bb4 5. e5 Ne4 6. Qc2 Bxc3+ 7. bxc3 f5 8. Nf3
Qa5 9. Bb2 c5 10. Nd2 cxd4 11. cxd4 O-O 12. Bd3 d5 13. cxd5 exd5 14. f3 Nxd2
15. Qxd2 Qxd2+ 16. Kxd2 Be6 17. Rhc1 Nc6 18. Bc3 Rfc8 19. Rab1 Rab8 20. Ke3 g5
21. g3 h5 22. f4 g4 23. Rc2 a6 24. Bd2 b5 25. a4 Na7 26. Rc5 Rxc5 27. dxc5 Nc6
28. axb5 axb5 29. Rxb5 d4+ 30. Kf2 Kg7 31. Rb6 Rc8 32. Bb5 Bd5 33. Rb7+ Kg6 34.
Rd7 Be4 35. Ba6 Rd8 36. Rd6+ Kg7 37. Bc4 Kf8 38. Rf6+ Kg7 39. Rf7+ Kh6 40. Be6
Kg6 41. Rf6+ Kg7 42. Bxf5 Bxf5 43. Rxf5 d3 44. Rf6 Rc8 45. Rd6 Kf7 46. Ke3 Ke7
47. Kxd3 Rd8 48. Rxd8 Nxd8 49. Ke4 Ne6 50. Bb4 Kd7 51. Kf5 Nd4+ 52. Kf6 Ke8 53.
e6 Nc6 54. Bc3 Ne7 55. Bb2 Kf8 56. Ba3 Ke8 57. f5 Ng8+ 58. Kg5 Ne7 59. f6 Nc6
60. Kxh5 Na5 61. f7+ 1-0

[Event "13. Lichtenberger Sommer"]
[Site "?"]
[Date "2014.08.24"]
[Round "9.72"]
[White "Schindler, Rudolf"]
[Black "Reiser, Ralf"]
[Result "1-0"]
[WhiteElo "1846"]
[BlackElo "1755"]
[PlyCount "91"]
[EventDate "2014.??.??"]
[WhiteTeam "SG Lasker Steglitz-Wilmersdorf"]
[BlackTeam "Schachunion Berlin e.V."]

1. Nf3 Nf6 2. c4 d5 3. b3 c6 4. g3 Bg4 5. Bg2 e6 6. Bb2 Nbd7 7. O-O Qb6 8. cxd5
exd5 9. d3 Be7 10. Nc3 O-O 11. Na4 Qc7 12. Rc1 Rad8 13. a3 Rfe8 14. b4 a5 15.
b5 c5 16. Re1 Qd6 17. d4 c4 18. Ne5 Bf5 19. f3 Nb6 20. Nc3 Nfd7 21. f4 f6 22.
Nf3 Bf8 23. Nh4 Bg4 24. Qd2 g6 25. e4 Be6 26. e5 fxe5 27. fxe5 Qc7 28. Bf3 Bg7
29. Qf2 Nf8 30. Qd2 Nfd7 31. Ng2 Nxe5 32. dxe5 d4 33. Ne4 c3 34. Nxc3 Nc4 35.
Qg5 Nxb2 36. Nd5 Qf7 37. Nf6+ Bxf6 38. exf6 Nd3 39. Nf4 Nxe1 40. Rxe1 Bf5 41.
Re7 Rxe7 42. fxe7 Rd6 43. Bd5 Be6 44. Nxe6 Rxe6 45. e8=Q+ Qxe8 46. Qf6 1-0

[Event "13. Lichtenberger Sommer"]
[Site "?"]
[Date "2014.08.24"]
[Round "9.73"]
[White "Kornath, Heinrich"]
[Black "Pöltelt, Helmut"]
[Result "0-1"]
[WhiteElo "1848"]
[BlackElo "1745"]
[PlyCount "96"]
[EventDate "2014.??.??"]
[WhiteTeam "SG Eckturm"]
[BlackTeam "SC Eintracht Berlin e.V."]

1. e4 c5 2. Nf3 d6 3. Bb5+ Nd7 4. c4 a6 5. Ba4 Ngf6 6. Nc3 e6 7. O-O Be7 8. d4
cxd4 9. Nxd4 O-O 10. Kh1 Nb6 11. Bb3 Qc7 12. Qe2 Bd7 13. Bg5 Rac8 14. Rac1 Nxc4
15. Nd1 b5 16. a4 Qc5 17. Nf3 Rfe8 18. e5 dxe5 19. Bxc4 bxc4 20. b3 e4 21. Bxf6
exf3 22. Qxf3 Bxf6 23. Rxc4 Qd6 24. Ne3 Rxc4 25. Nxc4 Qc5 26. Rd1 Bxa4 27. Qb7
Bb5 28. Nd6 Rf8 29. Ne4 Qe5 30. Nxf6+ Qxf6 31. Kg1 Rd8 32. Rxd8+ Qxd8 33. h3 h6
34. Qf3 Qd3 35. Qa8+ Kh7 36. Qa7 f6 37. b4 Qf1+ 38. Kh2 Bc6 39. f3 Qe2 40. Kg1
Bb5 41. Kh2 e5 42. Qc5 Bd3 43. Kg1 Bg6 44. Kh2 f5 45. h4 h5 46. Kh3 e4 47. fxe4
fxe4 48. Qg5 e3 0-1

[Event "13. Lichtenberger Sommer"]
[Site "?"]
[Date "2014.08.24"]
[Round "9.75"]
[White "Exner, Roland"]
[Black "Dinslage, Klaus-Dieter"]
[Result "1-0"]
[WhiteElo "1908"]
[BlackElo "1721"]
[PlyCount "52"]
[EventDate "2014.??.??"]
[WhiteTeam "SV Berolina Mitte e.V."]
[BlackTeam "Bahn-Schachclub Wuppertal"]

1. d4 d5 2. Nf3 Nf6 3. g3 e6 4. Bg2 Nbd7 5. O-O c5 6. c4 cxd4 7. cxd5 Nxd5 8.
Nxd4 N7b6 9. e4 Nf6 10. Nc3 Be7 11. Be3 e5 12. Ndb5 O-O 13. Qe2 a6 14. Rfd1 Bd7
15. Nd6 Qc7 16. Nf5 Bxf5 17. exf5 Rfd8 18. Rac1 Rxd1+ 19. Nxd1 Qd8 20. Bxb7 Ra7
21. Bc6 Qb8 22. a4 Rc7 23. Qxa6 Nfd5 24. Bxd5 Nxd5 25. Rxc7 Qxc7 26. Qa8+ Bf8
1-0

[Event "13. Lichtenberger Sommer"]
[Site "?"]
[Date "2014.08.24"]
[Round "9.76"]
[White "Zuccolo, Sebastian"]
[Black "Stiemerling, Andreas"]
[Result "0-1"]
[WhiteElo "1434"]
[BlackElo "1699"]
[PlyCount "44"]
[EventDate "2014.??.??"]
[WhiteTeam "ASD San Gregorio Pordenone"]
[BlackTeam "SSV Rotation Berlin e.V."]

1. d4 e6 2. Nf3 d5 3. c4 f5 4. Nc3 Nf6 5. g3 c6 6. Bg2 Bd6 7. cxd5 exd5 8. O-O
O-O 9. Rb1 Qe7 10. a3 Nbd7 11. Bd2 Ne4 12. Qc1 Nxd2 13. Qxd2 Nf6 14. Ne1 Bd7
15. b4 Rae8 16. Nd3 Ne4 17. Nxe4 fxe4 18. Nc5 Bc8 19. e3 Qg5 20. Rfc1 Rf6 21.
b5 cxb5 22. Rxb5 b6 0-1